[Event "Charleston op"]
[Site "Charleston"]
[Date "2004.02.29"]
[Round "5"]
[White "Dennison, Jerry"]
[Black "Vonderlieth, John"]
[Result "1/2-1/2"]
[WhiteElo "1750"]
[BlackElo "1963"]
[PlyCount "71"]
[EventDate "2004.02.27"]
[EventType "swiss"]
[EventRounds "5"]
[EventCountry "USA"]
[EventCategory "1"]
[SourceTitle "EXT 2006"]
[Source "ChessBase"]
[SourceDate "2005.11.24"]
[SourceVersion "1"]
[SourceVersionDate "2005.11.24"]
[SourceQuality "1"]

1. Nc3 d5 2. e4 d4 3. Nce2 e5 4. Nf3 Bd6 5. a3 Nf6 6. Ng3 0-0 7. Bc4 a6 8. d3 b5 9. Ba2 c5 10. 0-0 Nc6 11. Bg5 Be7 12. h3 h6 13. Bd2 Qc7 14. Nh2 Be6 15. Bxe6 fxe6 16. Ng4 Kh7 17. Nxf6+ Bxf6 18. Qg4 Qf7 19. f4 exf4 20. Bxf4 e5 21. Bd2 g6 22. Rf2 h5 23. Qe2 Qg7 24. Rf3 Rf7 25. Raf1 Raf8 26. Qf2 Nd8 27. Qe2 Ne6 28. b3 h4 29. Nh1 Ng5 30. R3f2 Be7 31. Qg4 Rxf2 32. Rxf2 Nf7 33. Qe6 Bd6 34. Qg4 g5 35. Qh5+ Kg8 36. Rf5 1/2-1/2